THE NET : Principy činností a technické vybavení počítačových sítí /

Gespeichert in:
Bibliographische Detailangaben
1. Verfasser: Rosa, Zdeněk (Verfasst von)
Format: Buch
Sprache:Tschechisch
Veröffentlicht: Pardubice : STAPRO s.r.o, 1991
Ausgabe:1.vyd.
Schlagworte:
Tags: Tag hinzufügen
Keine Tags, Fügen Sie das erste Tag hinzu!

MARC

LEADER 00000nam a22000003a 4500
001 stu34899
005 20150617225729.8
008 920330s1991----cs------------------cze-d
040 |a STU  |b slo 
041 0 |a cze 
044 |a cs 
080 |a 681.324 
100 1 |a Rosa, Zdeněk  |4 aut 
245 1 |a THE NET :  |b Principy činností a technické vybavení počítačových sítí /  |c [aut.]Zdeněk Rosa 
250 |a 1.vyd. 
260 |a Pardubice :  |b STAPRO s.r.o,  |c 1991 
300 |a 149 s 
650 7 |a siete počítačové  |2 stusub 
650 7 |a činnosť a vybavenie  |2 stusub 
996 |b 284M021353  |c M*7970-2  |l MMKN  |s A  |a 24  |w stu34899_0001 
996 |b 284M021354  |c M*7970-3  |l MMKN  |s A  |a 24  |w stu34899_0002